000 00609nam a22001937a 4500
005 20251108172851.0
008 250721s9999 xx 000 0 ara d
082 1 4 _a956.4/جاب
100 1 _aأبو جابر، كامل صالح
245 1 0 _aالفلسطينيون أهل شجرة الزيتون /
264 1 _aعمان :
_bمركز الكتب الأردني،
300 _a127 ص
650 1 7 _aتاريخ فلسطين
650 1 7 _aإسرائيل
650 1 7 _aالإحتلال الإسرائيلي
700 1 _aالحارثي، رشيد أبو غيدا
942 _2ddc
_cBK
999 _c90432
_d90432